| 000 | 00757nam a2200205Ia 4500 | ||
|---|---|---|---|
| 003 | GCL | ||
| 008 | 140319s9999 xx 000 0 ara d | ||
| 040 |
_aGCL / _cGCL |
||
| 082 | 0 | 4 |
_a002.09 _bس ت |
| 100 | 1 | _aستيبتشفيتش، الكسندر \\=aمحمد الارناؤوطv | |
| 245 | 1 | 0 |
_aتاريخ الكتاب :القسم الاول / _cستيبتشفيتش، الكسندر |
| 260 |
_aالكويت : _bالمجلس الوطنى للثقافة والفنون والاداب ، _c1993 |
||
| 300 |
_a2 مج ؛ _c20 سم |
||
| 490 |
_aعالم المعرفة _v170-169 |
||
| 650 | 0 | 4 | _aالكتاب |
| 650 | 0 | 4 | _aالطباعة - تاريخ |
| 650 | 0 | 4 | _aالكتب - تاريخ |
| 650 | 0 | 4 | _aالمكتبات - تاريخ |
| 942 |
_2ddc _cBK |
||
| 999 |
_c51505 _d51505 |
||